Sports Quiz

Random Sports Quiz
Score 0/33 Timer 07:00
0 Plays Today
Promotion Wrestler % Correct
New Japan Pro WrestlingKenny Omega
94.5%
New Japan Pro WrestlingJuice Robinson
92.8%
New Japan Pro WrestlingChris Jericho
83.6%
New Japan Pro WrestlingTama Tonga
81%
New Japan Pro WrestlingHiromu Takahashi
79.7%
New Japan Pro WrestlingHirooki Goto
78.9%
New Japan Pro WrestlingMatt Jackson
78.1%
New Japan Pro WrestlingNick Jackson
76.6%
New Japan Pro WrestlingEl Desperado
76.6%
New Japan Pro WrestlingTonga Loa
75%
New Japan Pro WrestlingYoshinobu Kanemaru
74.2%
New Japan Pro WrestlingTaiji Ishimori
73%
Pro Wrestling NOAHTakashi Sugiura
64.8%
All Japan Pro WrestlingZeus
62.5%
Pro Wrestling NOAHNaomichi Marufuji
58.6%
All Japan Pro WrestlingShuji Ishikawa
46.9%
Dragon GateMasato Yoshino
46.9%
Promotion Wrestler % Correct
All Japan Pro WrestlingSuwama
43%
All Japan Pro WrestlingTAJIRI
43%
Pro Wrestling NOAHDaisuke Harada
42.2%
All Japan Pro WrestlingAtsushi Aoki
42.2%
All Japan Pro WrestlingNaoya Nomura
41.4%
Dragon GateBxB Hulk
41.4%
Pro Wrestling NOAHAkitoshi Saito
40.6%
Pro Wrestling NOAHMinoru Tanaka
40.6%
All Japan Pro WrestlingThe Bodyguard
38.7%
Pro Wrestling NOAHHi69
36.7%
Dragon GateGenki Horiguchi
36.7%
All Japan Pro WrestlingYuma Aoyagi
35.2%
Dragon GateKzy
35.2%
Dragon GateYAMATO
34.4%
Dragon GateEita
28.9%
Dragon GateSusumu Yokosuka
25.8%

You're not logged in!

Compare scores with friends on all Sporcle quizzes.
OR
Log In

Sporcle TV

Today on Sporcle TV


Watch our educational content, quiz creation guides, and fun videos on Sporcle TV.

Show Comments

Extras

Top Quizzes Today


Score Distribution

Paid Content

Your Account Isn't Verified!

In order to create a playlist on Sporcle, you need to verify the email address you used during registration. Go to your Sporcle Settings to finish the process.

Report this User

Report this user for behavior that violates our Community Guidelines.

Details: